000
00318nam a22001457a 4500
008
230508b ||||| |||| 00| 0 eng d
020
_a
9781457698330
041
_a
eng
080
_2
FOURTH EDITION
_a
37
082
_a
37ANK
100
_a
24
101
_a
EDUKIM
245
_a
REAL SKILLS
_c
ANKER.S
942
_2
udc
_c
BK
999
_c
59668
_d
59668